<?xml version="1.0" encoding="UTF-8"?>
<marc:record xmlns:marc="http://www.loc.gov/MARC21/slim">
   <marc:leader>00000nam a2200000 a 4500</marc:leader>
   <marc:datafield ind1="1" ind2=" " tag="100">
      <marc:subfield code="a">Galifianakis, Zach</marc:subfield>
   </marc:datafield>
   <marc:datafield ind1="1" ind2=" " tag="100">
      <marc:subfield code="a">Helms, Ed</marc:subfield>
   </marc:datafield>
   <marc:datafield ind1="1" ind2=" " tag="100">
      <marc:subfield code="a">Cooper, Bradley</marc:subfield>
   </marc:datafield>
   <marc:datafield ind1="1" ind2=" " tag="100">
      <marc:subfield code="a">Phillips, Todd</marc:subfield>
   </marc:datafield>
   <marc:datafield ind1="0" ind2="0" tag="245">
      <marc:subfield code="a">Hangover 3 [Bildtonträger]</marc:subfield>
   </marc:datafield>
   <marc:datafield ind1="0" ind2="0" tag="245">
      <marc:subfield code="c">Regie:Todd Phillips. Mit Bradley Cooper, Ed Helms, Zach Galifianakis ...</marc:subfield>
   </marc:datafield>
   <marc:datafield ind1=" " ind2="1" tag="264">
      <marc:subfield code="b">Warner Home Video</marc:subfield>
      <marc:subfield code="c">2014</marc:subfield>
   </marc:datafield>
   <marc:datafield ind1="1" ind2=" " tag="520">
      <marc:subfield code="a">Zwei Jahre nach Bangkok und außerhalb der Reichweite von Katastrophen-Magnet Leslie Chow, der in einem thailändischen Gefängnis einsitzt, verläuft Phils, Stus und Dougs Leben ereignislos, aber glücklich - bis Alan nach einer Sinnkrise seine Medikamente absetzt, psychisch leicht aus der Bahn gerät und eine weitere Chaos-Odyssee in Gang setzt. Regisseur Todd Phillips hebt sich das Beste für den epischen Abschluss seiner unvergleichlichen Wolfsrudel-Trilogie auf...</marc:subfield>
   </marc:datafield>
   <marc:datafield ind1=" " ind2=" " tag="020">
      <marc:subfield code="a">5051890164711</marc:subfield>
      <marc:subfield code="9">5051890164711</marc:subfield>
   </marc:datafield>
   <marc:datafield ind1=" " ind2=" " tag="500">
      <marc:subfield code="a">Orig. : USA 2013. Sprache: Deutsch (Dolby Digital 5.1), Englisch (Dolby Digital 5.1), Italienisch (Dolby Digital 5.1), Französisch (Dolby Digital 5.1). Untertitel: Französisch, Niederländisch</marc:subfield>
   </marc:datafield>
   <marc:datafield ind1="0" ind2=" " tag="490">
      <marc:subfield code="v">0</marc:subfield>
   </marc:datafield>
   <marc:datafield ind1=" " ind2=" " tag="300">
      <marc:subfield code="a">1 DVD (96 Min.) : farbig</marc:subfield>
   </marc:datafield>
</marc:record>
